Potrebujeme angažovaných klientov

Vyzdvihnutie dôležitosti budovania vzťahu s klientom v prostredí internetbankingu a Mobile bankingu. Gamifikácia ako jedna z možností využitia rôznych herných prvkov. Opis jej princípov. Príklady implementácie herných prvkov v SR a zahraničí.

Saved in:
Bibliographic Details
Main Author: Petriska, Peter
Format: Book Chapter
Language:Slovak
Subjects:
Tags: Add Tag
No Tags, Be the first to tag this record!

MARC

LEADER 00000naa a2200000 4500
001 0259222
005 20191028092711.0
041 0 |a slo 
044 |a CZ 
245 1 0 |a Potrebujeme angažovaných klientov  |c Peter Petriska 
520 |a Vyzdvihnutie dôležitosti budovania vzťahu s klientom v prostredí internetbankingu a Mobile bankingu. Gamifikácia ako jedna z možností využitia rôznych herných prvkov. Opis jej princípov. Príklady implementácie herných prvkov v SR a zahraničí. 
610 2 0 |a technológie nové 
610 2 0 |a bankovníctvo elektronické 
610 2 0 |a bankovníctvo mobilné 
610 2 0 |a generácie 
610 2 0 |a hry 
100 1 |a Petriska, Peter